000 01164cam a2200313 4500
001 3618
003 http://catalogue.bnf.fr/ark:/12148/cb41101492m
005 20240328134450.0
008 240328b cb ||||| |||| 00| 0 fre d
010 _a978-2-226-17790-2
_bbr.
020 _a9782226177902
040 _aFISKH
_beng
_cFISKH
_dFISKH
050 _aPZ7.A1675
082 _a813.6
100 _aAbrahams, Peter
245 _aL'Etrange Cas de l'assassinat de Katie la Fêlée /
_cPeter Abrahams
246 _aDown the rabbit hole /
_ban echo falls mystery
250 _aÉditions Albin Michel, 2007
260 _aNew York :
_bHarper Collins,
_c2005
300 _a375 pages :
_c22 cm.
321 _aLa Revue des livres pour enfants
321 _aLa Revue des livres pour enfants. Sélection annuelle
410 0 _tWiz (Paris)
_x1637-0236
_d2007
520 _aLike her idol Sherlock Holmes, eighth grader Ingrid Levin-Hill uses her intellect to solve a murder case in her home town of Echo Falls.
700 _314021301
_oISNI0000000114445519
_aAbrahams
_bPeter
_f1947-....
_4070
930 _a2007-168764
_dO
930 _a8-CNLJ-4484
_dO
942 _2ddc
_cBK
_n0
999 _c3618
_d3618